[Event "15th LCC Super Rapid 2025"]
[Site "London ENG"]
[Date "2025.12.07"]
[Round "7.59"]
[White "Grose, Kameron"]
[Black "Han, Qixiang"]
[Result "1-0"]
[WhiteElo "1986"]
[BlackElo "2104"]
[WhiteFideId "474010"]
[BlackFideId "496952"]
[EventDate "2025.12.06"]

1. e4 c6 2. Nf3 d5 3. Nc3 Bg4 4. h3 Bxf3 5. Qxf3 e6 6. g3 Nf6 7. Bg2 Bc5 8. d3
Nbd7 9. O-O O-O 10. Kh2 Bd6 11. Qe2 d4 12. Nb1 e5 13. Nd2 b5 14. Nf3 Re8 15. Nh4
Bf8 16. Nf5 c5 17. g4 Nb6 18. g5 Nfd7 19. h4 g6 20. Ng3 Rc8 21. f4 exf4 22. Bxf4
Bg7 23. Bh3 Rc6 24. Qf2 Qe7 25. Rae1 Ne5 26. Qg2 Rc7 27. Nf5 Qf8 28. Nxg7 Qxg7
29. Qg3 Rce7 30. Rf2 Nbd7 31. Ref1 Nf8 32. Kg2 Rb7 33. Bxe5 Qxe5 34. Rf6 c4 35.
Qxe5 Rxe5 36. Rd6 c3 37. b3 Ne6 38. Bxe6 Rxe6 39. Rxd4 Ra6 40. Ra1 Rc7 41. a4
Kg7 42. Rb1 Rc5 43. Rb4 bxa4 44. Rxa4 Rca5 45. Rba1 Rxa4 46. Rxa4 Rc6 47. Rxa7
Kg8 48. Kf3 f5 49. exf5 gxf5 50. Kf4 Re6 51. Rc7 Re2 52. Rxc3 Rf2+ 53. Ke5 Kg7
54. h5 f4 55. Rc7+ Kf8 56. Kf6 Ke8 57. g6 hxg6 58. hxg6 f3 59. Re7+ Kd8 60. Re3 1-0

[Event "15th LCC Super Rapid 2025"]
[Site "London ENG"]
[Date "2025.12.07"]
[Round "7.60"]
[White "Sadeghi, Hassan Roger"]
[Black "Barbier-Ramaiah, Rohan Theo"]
[Result "1-0"]
[WhiteTitle "CM"]
[WhiteElo "2029"]
[BlackElo "1628"]
[WhiteFideId "1304712"]
[BlackFideId "485950"]
[EventDate "2025.12.06"]

1. Nf3 Nf6 2. c4 g6 3. b4 Bg7 4. Bb2 d6 5. e3 O-O 6. d4 Nbd7 7. Be2 a5 8. b5 b6
9. O-O Bb7 10. Nc3 Ne8 11. Qc2 e5 12. Rfd1 Qe7 13. Rac1 e4 14. Nd2 f5 15. Na4 f4
16. c5 f3 17. Bf1 Bd5 18. Bc4 Bxc4 19. Qxc4+ Kh8 20. cxb6 cxb6 21. Qc6 fxg2 22.
Qxe4 Qxe4 23. Nxe4 Ndf6 24. Nxf6 Nxf6 25. Kxg2 Ne4 26. f3 Ng5 27. Rf1 Rae8 28.
e4 d5 29. e5 Re6 30. Rc6 Rb8 31. Rfc1 Bh6 32. f4 Rxc6 33. bxc6 Ne6 34. c7 Rc8
35. Rc6 Nxf4+ 36. Kf3 Nd3 37. Nxb6 Rf8+ 38. Ke2 Nxb2 39. c8=Q Rxc8 40. Rxc8+ Kg7
41. Nxd5 Bg5 42. e6 Bf6 43. e7 Bxe7 44. Nxe7 Na4 45. Nd5 Kf7 46. Kd3 Ke6 47. Nc3
Nb6 48. Rc6+ 1-0

[Event "15th LCC Super Rapid 2025"]
[Site "London ENG"]
[Date "2025.12.07"]
[Round "7.61"]
[White "Golding, James"]
[Black "Ding, Yiwen"]
[Result "0-1"]
[WhiteElo "2169"]
[BlackElo "1914"]
[WhiteFideId "427250"]
[BlackFideId "495980"]
[EventDate "2025.12.06"]

1. d4 d5 2. Nc3 c6 3. Bf4 Qb6 4. Rb1 Nf6 5. e3 Bf5 6. Be2 e6 7. g4 Bg6 8. h4 h6
9. h5 Bh7 10. a3 a5 11. Nh3 Nbd7 12. f3 c5 13. Nf2 cxd4 14. exd4 Bd6 15. Be3 Rc8
16. O-O Qc6 17. Ra1 O-O 18. f4 Nb6 19. Bb5 Qc7 20. Nd3 Nc4 21. Bxc4 Qxc4 22. Ne5
Bxe5 23. fxe5 Ne4 24. Nxe4 Bxe4 25. c3 b5 26. g5 Kh7 27. Qg4 Qd3 28. Rae1 b4 29.
axb4 axb4 30. Qf4 hxg5 31. Qxg5 bxc3 32. h6 Bg6 33. hxg7 Kxg7 34. Qf6+ Kh7 35.
Rf4 Bh5 36. Rh4 Qg6+ 37. Kf2 0-1

[Event "15th LCC Super Rapid 2025"]
[Site "London ENG"]
[Date "2025.12.07"]
[Round "7.62"]
[White "Morea, Georgiana-Steluta"]
[Black "Verbytski, Oleg"]
[Result "1/2-1/2"]
[WhiteElo "1920"]
[BlackElo "2092"]
[WhiteFideId "1204319"]
[BlackFideId "495506"]
[EventDate "2025.12.06"]

1. c4 e6 2. d4 d5 3. Nc3 Nf6 4. Nf3 Be7 5. e3 O-O 6. Be2 dxc4 7. Bxc4 a6 8. O-O
b5 9. Bb3 Bb7 10. a3 Nbd7 11. Qe2 c5 12. Rd1 Rc8 13. h3 Qc7 14. dxc5 Bxc5 15.
Bd2 Rfd8 16. Rac1 Nb6 17. Ba2 Qe7 18. b4 Bd6 19. e4 e5 20. Bg5 h6 21. Bxf6 Qxf6
22. Nd5 Nxd5 23. Rxc8 Rxc8 24. Bxd5 Bxd5 25. Rxd5 Qe6 26. Qd2 Rc6 27. Nh4 Be7
28. Nf5 Bg5 29. Qe2 Rc1+ 30. Kh2 g6 31. Ne3 Bf4+ 32. g3 Bg5 33. h4 Bf6 34. Ng4
h5 35. Nxf6+ Qxf6 36. Qb2 Re1 37. Rxe5 Kg7 38. Qd4 Re2 39. Kg2 Rxf2+ 40. Qxf2
Qxe5 41. Qf3 Qb2+ 42. Kh3 Qa1 43. Kg2 Qe5 44. Qd3 Kf6 45. Qd8+ Kg7 46. Qd3 Qe6
47. Qd4+ Kh7 48. Qd3 Qa2+ 49. Kh3 Qc4 50. Qf3 Kg7 51. Kg2 Qc6 52. Qd3 Kf6 53.
Qd4+ Ke6 54. Kf3 Qd6 55. Qe3 Qd1+ 56. Kg2 Qc2+ 57. Kf3 Qc6 58. Qd4 f6 59. Qe3
Kf7 1/2-1/2

[Event "15th LCC Super Rapid 2025"]
[Site "London ENG"]
[Date "2025.12.07"]
[Round "7.63"]
[White "Sherwood, Gabriel"]
[Black "Witte, Phoebe"]
[Result "1-0"]
[WhiteElo "1851"]
[BlackElo "1581"]
[WhiteFideId "343454313"]
[BlackFideId "1090500"]
[EventDate "2025.12.06"]

1. e4 e6 2. d4 d5 3. Nc3 Nf6 4. e5 Nfd7 5. Nf3 c5 6. dxc5 Bxc5 7. Bd3 Nc6 8. Bf4
Qb6 9. O-O a6 10. a3 f6 11. exf6 Nxf6 12. Na4 Qa7 13. b4 Bb6 14. Nxb6 Qxb6 15.
Bd6 Qd8 16. Bg3 O-O 17. Re1 h6 18. Ne5 Nxe5 19. Bxe5 Qe7 20. Re3 Qf7 21. Rg3 Qh5
22. Rxg7+ Kh8 23. Qxh5 Nxh5 24. Rg6+ Kh7 25. Rg5+ 1-0

[Event "15th LCC Super Rapid 2025"]
[Site "London ENG"]
[Date "2025.12.07"]
[Round "7.64"]
[White "Allorant, Adrien"]
[Black "Klek, Mikolaj"]
[Result "1-0"]
[WhiteElo "2068"]
[BlackElo "1504"]
[WhiteFideId "658707"]
[BlackFideId "21804990"]
[EventDate "2025.12.06"]

1. d4 d5 2. c4 c6 3. Nf3 Nf6 4. Nc3 Bf5 5. Qb3 Qb6 6. c5 Qc7 7. Bf4 Qc8 8. e3
Nbd7 9. Be2 e6 10. O-O Be7 11. h3 O-O 12. Nh4 Bg6 13. Nxg6 fxg6 14. Bh2 b6 15.
cxb6 axb6 16. e4 Qb7 17. e5 Ne8 18. Bg4 Nc7 19. Ne2 g5 20. f4 Rae8 21. f5 exf5
22. Bxf5 Nb8 23. Qc2 h6 24. Bh7+ Kh8 25. Bg6 Rd8 26. Rf7 Rxf7 27. Bxf7 Qc8 28.
Qg6 Nd7 29. Qxc6 Rf8 30. e6 Nf6 31. Qxc7 1-0

[Event "15th LCC Super Rapid 2025"]
[Site "London ENG"]
[Date "2025.12.07"]
[Round "7.65"]
[White "Ronald, Ted"]
[Black "Terler, Bohdan"]
[Result "0-1"]
[WhiteElo "1846"]
[BlackElo "2082"]
[WhiteFideId "343454658"]
[BlackFideId "34102264"]
[EventDate "2025.12.06"]

1. e4 c6 2. Nf3 d5 3. Nc3 dxe4 4. Nxe4 Nf6 5. Qe2 Nxe4 6. Qxe4 Nd7 7. Bc4 Nf6 8.
Ne5 e6 9. Qe2 b5 10. Bb3 Qc7 11. d4 Bd6 12. O-O O-O 13. c3 Bb7 14. Bc2 c5 15.
Bg5 Nd5 16. Ng4 Nf4 17. Bxf4 Bxf4 18. g3 Bd6 19. Qxb5 cxd4 20. Qg5 f5 21. Qh5 g6
22. Nh6+ Kg7 23. Qh3 Qc6 24. f3 dxc3 25. b3 Bc5+ 26. Kg2 Be3 27. Be4 fxe4 28. f4
Bd4 29. g4 e3+ 30. Kg3 e2 0-1

[Event "15th LCC Super Rapid 2025"]
[Site "London ENG"]
[Date "2025.12.07"]
[Round "7.66"]
[White "Dhingra, Kanvansh"]
[Black "Porras Mateo, Felipe"]
[Result "0-1"]
[BlackTitle "FM"]
[WhiteElo "1771"]
[BlackElo "2356"]
[WhiteFideId "33401500"]
[BlackFideId "2279193"]
[EventDate "2025.12.06"]

1. e4 d5 2. exd5 Qxd5 3. Nf3 Nf6 4. Nc3 Qd8 5. Bc4 c5 6. h3 e6 7. d4 cxd4 8.
Qxd4 Qxd4 9. Nxd4 a6 10. a4 b6 11. O-O Bb7 12. Bg5 h6 13. Bf4 Nbd7 14. Rfe1 Rc8
15. Ba2 g6 16. Rad1 Bb4 17. Bd2 Kf8 18. Nb1 Bxd2 19. Rxd2 Kg7 20. Nc3 Nc5 21.
Nb3 Ncd7 22. Nd4 h5 23. Re3 h4 24. Kf1 Nc5 25. Nb3 Rh5 26. Nxc5 Rhxc5 27. Bb3
Rg5 28. f3 Rgc5 29. Ne2 Bd5 30. Red3 Bxb3 31. Rxb3 Rxc2 32. Rxc2 Rxc2 33. Rxb6
Nd5 34. Rb3 Rc4 35. Nc3 Nxc3 36. Rxc3 Rxa4 37. Ke2 Ra2 38. Rb3 a5 39. Kd3 a4 40.
Rb4 a3 41. bxa3 Rxa3+ 42. Ke2 g5 43. f4 Rg3 44. Kf2 g4 45. hxg4 Rxg4 46. Kf3
Rg3+ 47. Kf2 Rg4 48. Kf3 Rg3+ 49. Kf2 Ra3 50. f5 h3 51. gxh3 e5 52. Kg2 Kf6 53.
Rb7 Ra4 54. Kg3 Rf4 55. h4 Rxf5 56. Rb6+ Kg7 57. Kg4 Rf4+ 58. Kg5 f6+ 59. Kh5
Rf5+ 60. Kg4 Kg6 61. Rb8 Rf4+ 62. Kg3 Ra4 63. Rb6 Kf5 64. h5 Rg4+ 65. Kh3 Rg5
66. Kh4 Rg1 67. Rb4 Rh1+ 68. Kg3 Rxh5 69. Kf3 Rh3+ 70. Kg2 Ra3 71. Kf2 e4 72.
Rb6 Ke5 73. Rb8 f5 74. Re8+ Kf4 75. Ke2 Ra2+ 76. Kd1 Ke3 77. Rb8 Rd2+ 78. Ke1 f4
79. Rb3+ Rd3 80. Rb2 f3 81. Re2+ Kf4 0-1

[Event "15th LCC Super Rapid 2025"]
[Site "London ENG"]
[Date "2025.12.07"]
[Round "7.67"]
[White "Clery, Liam"]
[Black "Ciolek, Andreas"]
[Result "0-1"]
[BlackTitle "FM"]
[WhiteElo "1779"]
[BlackElo "2206"]
[WhiteFideId "343402879"]
[BlackFideId "12906727"]
[EventDate "2025.12.06"]

1. e4 c5 2. Nf3 e6 3. c3 Nf6 4. e5 Nd5 5. d4 cxd4 6. cxd4 d6 7. Bd3 dxe5 8. dxe5
Nb4 9. Be4 Qxd1+ 10. Kxd1 Bc5 11. Ke2 f5 12. exf6 gxf6 13. Nc3 f5 14. Bb1 b6 15.
Nb5 Ba6 16. a4 N8c6 17. Rd1 Rd8 18. Be3 Rxd1 19. Kxd1 Bxe3 20. fxe3 Ke7 21. Ra3
Rd8+ 22. Ke1 Kf6 23. Rc3 Rd7 24. g3 Bb7 25. e4 a6 26. Na3 fxe4 27. Bxe4 Nd5 28.
Rd3 Ncb4 29. Rd2 Rc7 30. g4 h6 31. h4 Nf4 32. g5+ hxg5 33. hxg5+ Kg7 34. Bxb7
Nbd3+ 35. Rxd3 Nxd3+ 36. Kd2 Nc5 37. Nd4 Rxb7 38. b4 Rd7 39. Ke3 Nxa4 40. Nxe6+
Kf7 41. Nf4 b5 42. Nc2 Nc3 43. Nd3 Re7+ 44. Kd4 Ne2+ 45. Kd5 Rd7+ 46. Ke4 Nc3+
47. Ke3 Re7+ 48. Kd4 Ne2+ 49. Kd5 Rd7+ 50. Ke4 Rc7 51. Ne3 Kg6 52. Nc5 a5 53.
Nd5 Nc3+ 54. Nxc3 axb4 55. Nxb5 Rxc5 56. Nd4 Rc3 57. Ne2 Rc2 58. Nd4 Rd2 59. Nf3
Rd1 60. Nd4 Kxg5 61. Ke3 Kf6 62. Ne2 b3 63. Nc3 b2 0-1

[Event "15th LCC Super Rapid 2025"]
[Site "London ENG"]
[Date "2025.12.07"]
[Round "7.68"]
[White "Bird, Joel"]
[Black "Shafi, Declan"]
[Result "0-1"]
[WhiteElo "1987"]
[BlackElo "2162"]
[WhiteFideId "429252"]
[BlackFideId "2405156"]
[EventDate "2025.12.06"]

1. e4 c5 2. Nf3 Nc6 3. Bb5 e6 4. Bxc6 dxc6 5. d3 Qc7 6. e5 Ne7 7. O-O Ng6 8. Re1
b6 9. Nc3 Ba6 10. Qe2 Be7 11. a4 O-O 12. g3 Rad8 13. h4 c4 14. dxc4 Bb4 15. Bd2
Ne7 16. Ne4 Bxd2 17. Nexd2 Nf5 18. b3 Qe7 19. Ne4 Rd7 20. Rad1 Rfd8 21. Rd3 c5
22. Red1 Bb7 23. c3 Bc6 24. Kh2 Kf8 25. Nfg5 Kg8 26. f4 Rxd3 27. Rxd3 Rxd3 28.
Qxd3 Qd7 29. Nd6 f6 30. Ngf7 fxe5 31. fxe5 Ba8 32. Qf1 Ne3 33. Qg1 Qc6 34. Kh3
Qf3 35. Ng5 Qg4+ 36. Kh2 Qe2+ 37. Kh3 Bg2+ 38. Kh2 Ng4# 0-1

[Event "15th LCC Super Rapid 2025"]
[Site "London ENG"]
[Date "2025.12.07"]
[Round "8.1"]
[White "Theodorou, Nikolas"]
[Black "Dominguez Perez, Leinier"]
[Result "1-0"]
[WhiteTitle "GM"]
[BlackTitle "GM"]
[WhiteElo "2656"]
[BlackElo "2738"]
[WhiteFideId "4262875"]
[BlackFideId "3503240"]
[EventDate "2025.12.06"]

1. d4 d5 2. Nf3 Nf6 3. Bf4 e6 4. e3 c5 5. Be2 Qb6 6. Nc3 Bd7 7. O-O a6 8. Qd3
cxd4 9. exd4 Nc6 10. a3 Be7 11. b4 O-O 12. Na4 Qd8 13. Nc5 Bc8 14. Rfe1 b6 15.
Nb3 Bb7 16. c3 Rc8 17. Rec1 Ne4 18. Nfd2 Bd6 19. Bxd6 Nxd6 20. Qg3 Ne7 21. a4 a5
22. bxa5 bxa5 23. Nc5 Bc6 24. Bd3 h6 25. Rab1 Qc7 26. Ndb3 Rfd8 27. h3 Be8 28.
Re1 Qa7 29. Qf4 Rb8 30. g4 Rb6 31. Nd2 Rxb1 32. Rxb1 Nec8 33. h4 Nb6 34. g5 hxg5
35. Qxg5 Rc8 36. h5 Nxa4 37. Rb7 Nxb7 38. h6 g6 39. Qf6 1-0

[Event "15th LCC Super Rapid 2025"]
[Site "London ENG"]
[Date "2025.12.07"]
[Round "8.2"]
[White "Ghasi, Ameet K"]
[Black "Firouzja, Alireza"]
[Result "0-1"]
[WhiteTitle "GM"]
[BlackTitle "GM"]
[WhiteElo "2500"]
[BlackElo "2762"]
[WhiteFideId "409200"]
[BlackFideId "12573981"]
[EventDate "2025.12.06"]

1. Nf3 Nf6 2. c4 g6 3. g3 Bg7 4. Bg2 O-O 5. O-O d6 6. d4 Ne4 7. Qc2 f5 8. Nbd2
Nxd2 9. Bxd2 e5 10. dxe5 dxe5 11. Bc3 Nc6 12. Rad1 Qe7 13. e3 a5 14. b3 a4 15.
Qb2 e4 16. Nd4 Ne5 17. Qc2 c6 18. Rd2 h5 19. Rfd1 h4 20. Ne2 Be6 21. Rd6 axb3
22. axb3 Bf7 23. c5 Ra3 24. Nd4 Rfa8 25. Rb1 Nd3 26. Ne2 Ra2 27. Qd1 Nxf2 28.
Qf1 Ng4 29. Bxg7 Kxg7 30. Qe1 Qe5 31. Nd4 hxg3 32. hxg3 Rf2 33. Ne2 Ra2 34. Qxf2
Nxf2 35. Kxf2 Qxc5 36. Rbd1 Bxb3 37. Rd7+ Kf6 38. R1d6+ Kg5 0-1

[Event "15th LCC Super Rapid 2025"]
[Site "London ENG"]
[Date "2025.12.07"]
[Round "8.3"]
[White "Abdusattorov, Nodirbek"]
[Black "Mishra, Abhimanyu"]
[Result "1/2-1/2"]
[WhiteTitle "GM"]
[BlackTitle "GM"]
[WhiteElo "2750"]
[BlackElo "2642"]
[WhiteFideId "14204118"]
[BlackFideId "30920019"]
[EventDate "2025.12.06"]

1. d4 Nf6 2. Nf3 d5 3. Bg5 Ne4 4. Bh4 h5 5. h3 f6 6. Nfd2 Nxd2 7. Nxd2 Bf5 8. f3
Bg6 9. e4 e6 10. Bd3 c5 11. dxc5 Nc6 12. Bf2 d4 13. Nb3 e5 14. O-O Bf7 15. Qe2
Bxb3 16. cxb3 Bxc5 17. Rac1 Bd6 18. Bc4 g5 19. a3 Kf8 20. b4 Ne7 21. Bb3 Ng6 22.
Be1 Kg7 23. Bd2 Qe7 24. Qc4 Rhd8 25. Rc2 Nf4 26. Bxf4 exf4 27. Qd3 Rac8 28. Rfc1
Rxc2 29. Rxc2 Be5 30. Kf1 Kh6 31. Ke1 Qd7 32. Rc5 b6 33. Rc2 Rc8 34. Bc4 Rc7 35.
Kd1 Kg7 36. Kc1 Qd8 37. Kb1 h4 38. Bd5 Rxc2 39. Qxc2 Qc7 40. Qd3 Kf8 41. Qb5 Ke7
42. Qa6 Kf8 43. Bb3 Qd7 44. Qd3 Ke7 45. Bc4 Qd6 46. Qb3 Qd7 47. a4 d3 48. Bxd3
Qd4 49. Ka2 Qf2 50. Qc2 Qxc2 51. Bxc2 Kd6 52. a5 bxa5 53. bxa5 Kc5 54. Ka3 Bd6
55. Ka4 Kc6 56. b4 Kc7 57. Bd3 Kb8 58. Kb5 Kc7 59. Bc4 Kb7 60. Be6 Kc7 61. Kc4
Kc6 62. Bf7 Kc7 63. b5 Be5 64. Kd5 Bc3 65. Ke6 Be5 66. Be8 Bc3 67. Ke7 Be5 68.
Bf7 Bc3 69. Bd5 Be5 70. Bc4 Bc3 71. Ke6 Be5 72. Ke7 Bc3 73. b6+ axb6 74. a6 Kb8
75. Bb5 Ka7 76. Ke6 1/2-1/2

[Event "15th LCC Super Rapid 2025"]
[Site "London ENG"]
[Date "2025.12.07"]
[Round "8.4"]
[White "Kovchan, Alexander"]
[Black "Shankland, Sam"]
[Result "1-0"]
[WhiteTitle "GM"]
[BlackTitle "GM"]
[WhiteElo "2440"]
[BlackElo "2649"]
[WhiteFideId "14103052"]
[BlackFideId "2004887"]
[EventDate "2025.12.06"]

1. e4 c5 2. Nf3 d6 3. d4 cxd4 4. Nxd4 Nf6 5. Nc3 a6 6. g3 e5 7. Nde2 Be7 8. Bg2
O-O 9. O-O Be6 10. a4 Nbd7 11. a5 Rc8 12. b3 Re8 13. h3 Nf8 14. f4 exf4 15. gxf4
Bd7 16. Be3 Qc7 17. Bb6 Qb8 18. Qd3 Ne6 19. b4 Bd8 20. Bf2 Bc6 21. Rad1 b5 22.
Kh1 Qb7 23. Nd5 Nc7 24. Nxf6+ Bxf6 25. Ng3 g6 26. Qxd6 Ne6 27. Qd2 Bh4 28. Qe3
Ng7 29. Rfe1 Bxg3 30. Qxg3 Bxe4 31. Rxe4 Rxe4 32. Qd3 Rce8 33. Qxe4 Qxe4 34.
Bxe4 Rxe4 35. Rd8+ Re8 36. Rd6 Ra8 37. Kg2 Kf8 38. Kf3 Ke8 39. Ke4 Nf5 40. Rb6
Kd7 41. Bc5 Re8+ 42. Kd5 Re6 43. Rb7+ Ke8 44. Rb8+ Kd7 45. Rf8 Ne7+ 46. Bxe7
Kxe7 47. Rb8 Kf6 48. Rb6 Kf5 49. c4 bxc4 50. Rxe6 fxe6+ 51. Kxc4 g5 52. fxg5 e5
53. h4 Kf4 54. Kc3 Kg3 55. h5 e4 56. g6 1-0

[Event "15th LCC Super Rapid 2025"]
[Site "London ENG"]
[Date "2025.12.07"]
[Round "8.5"]
[White "Adams, Michael"]
[Black "Gordon, Stephen J"]
[Result "1-0"]
[WhiteTitle "GM"]
[BlackTitle "GM"]
[WhiteElo "2635"]
[BlackElo "2465"]
[WhiteFideId "400041"]
[BlackFideId "411477"]
[EventDate "2025.12.06"]

1. e4 c5 2. Nf3 d6 3. Nc3 Nf6 4. d4 cxd4 5. Qxd4 Nc6 6. Qe3 g6 7. Bc4 Bg7 8. h3
O-O 9. O-O b6 10. Rd1 Nd7 11. Qf4 Bb7 12. Qh4 Nce5 13. Nxe5 Nxe5 14. Bb3 Bf6 15.
Bg5 Bxg5 16. Qxg5 Rc8 17. Rd4 Rc5 18. Qh4 Nc6 19. Rd2 Na5 20. Re1 Nxb3 21. axb3
Qc7 22. Ree2 a5 23. Nd5 Bxd5 24. exd5 Re8 25. Qh6 e5 26. dxe6 Rxe6 27. Rxe6 fxe6
28. c3 Rf5 29. Qe3 e5 30. Rd5 Qc6 31. c4 Rf4 32. Qd3 Rf6 33. h4 a4 34. bxa4 Qxa4
35. b3 Qa1+ 36. Qd1 Qc3 37. g3 Kf7 38. Kg2 Ke7 39. Rd3 Qb2 40. Rd2 Qc3 41. Ra2
h5 42. Qd5 Re6 43. Ra7+ Kf6 44. Qa8 1-0

[Event "15th LCC Super Rapid 2025"]
[Site "London ENG"]
[Date "2025.12.07"]
[Round "8.6"]
[White "Vitiugov, Nikita"]
[Black "Eljanov, Pavel"]
[Result "1/2-1/2"]
[WhiteTitle "GM"]
[BlackTitle "GM"]
[WhiteElo "2657"]
[BlackElo "2656"]
[WhiteFideId "4152956"]
[BlackFideId "14102951"]
[EventDate "2025.12.06"]

1. e4 e5 2. Nf3 Nc6 3. Bb5 a6 4. Ba4 Nf6 5. d3 b5 6. Bb3 Bc5 7. a4 b4 8. Be3
Bxe3 9. fxe3 d6 10. a5 O-O 11. O-O Be6 12. Bxe6 fxe6 13. Nbd2 d5 14. Qe2 Qd6 15.
Nb3 Ne7 16. d4 Ng6 17. exd5 exd5 18. Nc5 exd4 19. exd4 Nf4 20. Qe5 Rfe8 21. Qxd6
cxd6 22. Nd3 Nxd3 23. cxd3 Re3 24. Rfd1 Re2 25. Rd2 Rxd2 26. Nxd2 Rc8 27. Kf2
Ng4+ 28. Kf3 Rc2 29. Nf1 h5 30. Rb1 Kf7 31. h3 Nf6 32. Ne3 Rd2 33. Rc1 Rxd3 34.
Rc7+ Ke6 35. Rxg7 Rxd4 36. Re7+ Kxe7 37. Nf5+ Kd7 38. Nxd4 Ne4 39. Kf4 Nc5 40.
g4 Nd3+ 41. Kf5 hxg4 42. hxg4 Nxb2 43. g5 Nd3 44. g6 Ke8 45. Ke6 Nf4+ 46. Kxd6
Nxg6 47. Kxd5 1/2-1/2

[Event "15th LCC Super Rapid 2025"]
[Site "London ENG"]
[Date "2025.12.07"]
[Round "8.7"]
[White "Haydon, David L"]
[Black "Maroroa Jones, Gawain C B"]
[Result "0-1"]
[WhiteTitle "FM"]
[BlackTitle "GM"]
[WhiteElo "2284"]
[BlackElo "2655"]
[WhiteFideId "415405"]
[BlackFideId "409561"]
[EventDate "2025.12.06"]

1. d4 Nf6 2. c4 g6 3. Nc3 Bg7 4. Nf3 d6 5. g3 Nbd7 6. Bg2 O-O 7. O-O e5 8. e4 b6
9. Re1 Bb7 10. d5 a5 11. b3 Nc5 12. Rb1 Bc8 13. a3 a4 14. b4 Nb3 15. Be3 Bd7 16.
h3 Qc8 17. Kh2 Nh5 18. Nd2 Nd4 19. Nf3 Nb3 20. Nd2 Nf4 21. gxf4 exf4 22. Bxf4
Bxc3 23. Qc2 Bg7 24. Nxb3 axb3 25. Qxb3 Qa6 26. Re3 f5 27. exf5 Bxf5 28. Rbe1
Bc2 29. Qxc2 Rxf4 30. Re8+ Rf8 31. Rxa8 Qxa8 32. a4 Be5+ 33. Kg1 Bd4 34. Re2 Rf4
35. Qd2 Be5 36. Rxe5 dxe5 37. d6 c6 38. Qe3 Qe8 39. Qxb6 Rxc4 40. b5 Rc1+ 41.
Bf1 cxb5 42. axb5 Qc8 43. Qa5 Qxh3 44. Qd8+ Kg7 45. Qc7+ Rxc7 46. dxc7 Qc8 47.
b6 g5 48. Kh2 g4 49. f3 h5 50. fxg4 hxg4 51. Kg3 Kf6 52. Be2 Kg5 53. Bd1 Qf5 54.
Kg2 Kh4 55. Be2 g3 0-1

[Event "15th LCC Super Rapid 2025"]
[Site "London ENG"]
[Date "2025.12.07"]
[Round "8.8"]
[White "Golubka, Petro"]
[Black "Yuffa, Daniil"]
[Result "0-1"]
[WhiteTitle "GM"]
[BlackTitle "GM"]
[WhiteElo "2389"]
[BlackElo "2618"]
[WhiteFideId "14114224"]
[BlackFideId "24131423"]
[EventDate "2025.12.06"]

1. e4 c6 2. d4 d5 3. e5 Bf5 4. g4 Bd7 5. Be3 e6 6. c3 Qc7 7. h4 c5 8. h5 Nc6 9.
f4 f6 10. Nf3 Nh6 11. Rg1 f5 12. gxf5 Nxf5 13. Bf2 Qb6 14. Qd2 cxd4 15. cxd4 Bb4
16. Nc3 O-O 17. Bd3 Rac8 18. Bxf5 Rxf5 19. h6 g6 20. a3 Bxc3 21. bxc3 Na5 22.
Qc2 Qb3 23. Qxb3 Nxb3 24. Rb1 Rxc3 25. Nd2 Rc1+ 26. Rxc1 Nxc1 27. Rg3 Bb5 28.
Rc3 Nd3+ 29. Ke2 Nxe5+ 30. Kd1 Nc4 31. Nxc4 dxc4 32. Bg3 Ba4+ 33. Kd2 b5 34. Re3
Kf7 35. Re5 a5 36. Kc3 Rh5 37. Rxh5 gxh5 38. Bh4 Kg6 39. Bd8 Kf5 40. Kd2 b4 0-1

[Event "15th LCC Super Rapid 2025"]
[Site "London ENG"]
[Date "2025.12.07"]
[Round "8.9"]
[White "Rozen, Eytan"]
[Black "Bazakutsa, Svyatoslav"]
[Result "1-0"]
[WhiteTitle "IM"]
[BlackTitle "IM"]
[WhiteElo "2515"]
[BlackElo "2478"]
[WhiteFideId "2816750"]
[BlackFideId "14198525"]
[EventDate "2025.12.06"]

1. Nf3 Nf6 2. c4 g6 3. Nc3 Bg7 4. e4 d6 5. d4 O-O 6. Be3 Ng4 7. Bg5 h6 8. Bh4 g5
9. Bg3 e5 10. dxe5 Nxe5 11. h4 g4 12. Nxe5 dxe5 13. Be2 Be6 14. Qxd8 Rxd8 15.
Nd5 Na6 16. h5 c6 17. Ne7+ Kf8 18. Nf5 Bxf5 19. exf5 Nb4 20. O-O Rd4 21. Rfd1
Rad8 22. Bh4 f6 23. Bxg4 Nd3 24. f3 e4 25. Bf2 Nxf2 26. Rxd4 Rxd4 27. Kxf2 exf3
28. Bxf3 Rd2+ 29. Kg3 Rxb2 30. Bd1 Ke8 31. Bb3 Bf8 32. Re1+ Kd7 33. Kf3 Bc5 34.
g4 a5 35. Re6 Bd4 36. Re4 Be5 37. c5 Rb1 38. Ra4 Bc3 39. Be6+ Kc7 40. Rc4 Be5
41. Rc2 Rf1+ 42. Ke3 Rd1 43. Rc4 Bg3 44. Ke2 Re1+ 45. Kd3 Re5 46. Rd4 Rxc5 47.
Rd7+ Kb8 48. g5 fxg5 49. f6 Be5 50. f7 Bg7 51. Rd8+ Kc7 52. Rg8 Rc3+ 53. Ke4 Kd6
54. Rxg7 Ke7 55. Rg8 Kxe6 56. f8=Q Rc4+ 57. Kd3 b5 58. Rg6+ Ke5 59. Qf6+ Kd5 60.
Qd6# 1-0

[Event "15th LCC Super Rapid 2025"]
[Site "London ENG"]
[Date "2025.12.07"]
[Round "8.10"]
[White "Siva, Mahadevan"]
[Black "Mikhalevski, Victor"]
[Result "1-0"]
[WhiteTitle "IM"]
[BlackTitle "GM"]
[WhiteElo "2424"]
[BlackElo "2504"]
[WhiteFideId "25043153"]
[BlackFideId "2801914"]
[EventDate "2025.12.06"]

1. e4 e5 2. Nf3 Nc6 3. Bb5 a6 4. Ba4 b5 5. Bb3 Na5 6. O-O d6 7. d4 Nxb3 8. axb3
exd4 9. Nxd4 Bb7 10. c4 c5 11. Nf5 g6 12. Ne3 Bg7 13. Nc3 Ne7 14. cxb5 O-O 15.
Nc4 axb5 16. Rxa8 Qxa8 17. Nxb5 Bxe4 18. f3 d5 19. Re1 Qd8 20. fxe4 dxc4 21.
bxc4 Nc6 22. Qd5 Nb4 23. Qxd8 Rxd8 24. Bg5 Re8 25. b3 h6 26. Bh4 Nc2 27. Rd1
Rxe4 28. Bf2 Bf8 29. Rd8 Kg7 30. Nd6 Bxd6 31. Rxd6 Na1 32. Rd3 Re5 33. b4 Nc2
34. Bxc5 Re1+ 35. Kf2 Rb1 36. b5 Kf6 37. b6 Ke5 38. Rd7 Ke6 39. Re7+ Kf6 40. b7
Nb4 41. Bxb4 Rxb4 42. Rc7 Ke5 43. c5 f5 44. c6 Rb2+ 45. Ke3 f4+ 46. Kf3 g5 47.
Re7+ Kf5 48. Rf7+ Kg6 49. Rf8 1-0

[Event "15th LCC Super Rapid 2025"]
[Site "London ENG"]
[Date "2025.12.07"]
[Round "8.11"]
[White "Jankovic, Alojzije"]
[Black "Sammed Jaykumar, Shete"]
[Result "1-0"]
[WhiteTitle "GM"]
[BlackTitle "IM"]
[WhiteElo "2558"]
[BlackElo "2377"]
[WhiteFideId "14505959"]
[BlackFideId "5073421"]
[EventDate "2025.12.06"]

1. d4 Nf6 2. Nf3 d5 3. c4 e6 4. Nc3 Bb4 5. Bd2 O-O 6. e3 a6 7. Bd3 dxc4 8. Bxc4
b5 9. Be2 Bb7 10. a4 bxa4 11. Nxa4 Bxd2+ 12. Qxd2 Nbd7 13. O-O Qe7 14. Rfc1 Rfc8
15. Qa5 Nd5 16. Nc5 Nxc5 17. Rxc5 Qd6 18. Ne5 Nb6 19. Rac1 f6 20. Nc6 Re8 21.
Bf3 Kf8 22. h3 g6 23. b4 Nd7 24. Qa1 Kg8 25. R5c2 Nb6 26. e4 e5 27. dxe5 fxe5
28. Qa5 Qf6 29. Qa2+ Kh8 30. Na5 Bc8 31. Rxc7 Be6 32. Qd2 Rad8 33. Qh6 Rd7 34.
R7c6 Na4 35. Bg4 Rf8 36. Rxe6 Qxf2+ 37. Kh1 Rd2 38. Bf3 Rfd8 39. Re7 1-0